| 000 | 00831nam a22002417a 4500 | ||
|---|---|---|---|
| 003 | OSt | ||
| 005 | 20260126071803.0 | ||
| 008 | 260126b |||||||| |||| 00| 0 eng d | ||
| 020 | _a0-7674-2281-3. | ||
| 040 |
_aDWC-Main lib. _cOC |
||
| 082 |
_23rd ed. _aCirc. 808.042 K251e 2002 |
||
| 100 | _aAdams, Katherine N. | ||
| 245 |
_aEasy access: _bthe reference handbook for writers/ _cKatherine N. Adams |
||
| 250 | _a3rd ed. | ||
| 260 |
_aBoston: _bMcGraw-Hill, _cc2002. |
||
| 300 |
_axxi, 506 p. ; _c22 cm. |
||
| 504 | _aIncludes index. | ||
| 650 | _a1. English Language - Grammar - Handbooks, Manuals, etc. | ||
| 650 | _a2. English Language - Rhetoric - Handbooks, Manuals, etc. | ||
| 650 | _a3. Report Writing - Handbooks, Manuals, etc. | ||
| 700 | _aKeene, Michael L. | ||
| 942 |
_2ddc _cBK-CIRC _e3rd ed. _hCirc. _n0 |
||
| 999 |
_c7812 _d7812 |
||